000
00296 a2200145 4500
001
155915
040
_c
Escola São Tomás de Aquino
100
_a
BRANCO, Samuel Murgel
240
1
0
_a
Água
_l
por
245
1
0
_a
Água
300
_a
71
362
0
_a
2000
697
_a
CIÊNCIAS
942
_c
BK
999
_c
155915
_d
155915